00261pam a2200121 a 4500020000500000041000800005082000800013100001700021245005300038250001000091260002500101300001300126 c aeng bCHA aChatwal GR . aComputers in Chemistry VOL I hTextual Documents a1998. aNew Delhi :bAnmol . a344 pg .